000 00750cam a22002291 4500
001 af 48004519
003 DLC
005 20260227110908.0
008 890227s1940 ne a 000 0 dut c
010 _aaf 48004519
035 _a(OCoLC)19274873
040 _aCalifornia. Univ. Libr.
_cCU
_dDLC
041 1 _adut
_hger
042 _apremarc
050 0 0 _aPT1971.M2
_bD8
100 1 _aGoethe, Johann Wolfgang von,
_d1749-1832.
245 1 3 _aDe groene slang,
_been sprookje.
_cVertaling en illustraties van André Vlaanderen, ingeleid door P. de Keyser.
260 _aAmsterdam,
_bWereld-Bibliotheek-Vereeniging,
_c1940.
300 _a68 p.
_billus.
_c17 cm.
500 _aTranslation of Ein Märchen.
700 1 _aVlaanderen, André,
_etr. and illus.
999 _c6088
_d6088